[Event "COL Intercollege op"]
[Site "Bogota"]
[Date "2024.11.22"]
[Round "3"]
[White "Leon Acevedo, Juan Alejandro"]
[Black "Padilla Charry, Jorge Andres"]
[Result "0-1"]
[WhiteElo "1936"]
[BlackElo "1839"]
[PlyCount "145"]
[EventDate "2024.11.21"]
[EventType "swiss"]
[EventRounds "7"]
[EventCountry "COL"]
[SourceTitle "CB48_2024"]
[SourceDate "2024.11.28"]
[SourceVersion "1"]
[SourceVersionDate "2024.11.28"]
[SourceQuality "1"]

1. d4 Nf6 2. c4 e6 3. Nf3 d5 4. g3 Nc6 5. Bg2 Bd6 6. 0-0 0-0 7. Nbd2 Re8 8. c5 Bf8 9. Qc2 e5 10. dxe5 Nxe5 11. Nxe5 Rxe5 12. Nf3 Bf5 13. Qd1 Re8 14. Be3 Rxe3 15. fxe3 Qe7 16. Qd4 Re8 17. Nh4 Be4 18. b4 Bxg2 19. Nxg2 c6 20. Nh4 Ne4 21. Nf3 g6 22. Qd3 Qe6 23. Kg2 h5 24. Nd2 Ng5 25. Rf4 Bg7 26. Raf1 Be5 27. R4f2 Bb8 28. Kh1 f5 29. e4 dxe4 30. Qe3 Nh7 31. Nb3 Nf6 32. Qg5 Nh7 33. Qh6 Be5 34. Qe3 Nf6 35. Qg5 Nh7 36. Qe3 Qd5 37. Kg1 Re6 38. Qc1 Bf6 39. Rd1 Qe5 40. Qc4 Ng5 41. Kg2 Kh7 42. Rd7+ Re7 43. Rxe7+ Qxe7 44. h4 Nf7 45. Nd4 Ne5 46. Qe6 Qxe6 47. Nxe6 Ng4 48. Rf4 Be5 49. Nd8 Ne3+ 50. Kf2 Nd5 51. Nxb7 Nxb4 52. a3 Nd5 53. Nd8 Bd4+ 54. Kg2 Nxf4+ 55. gxf4 Bxc5 56. Nxc6 Bxa3 57. Nxa7 Bb4 58. Nc6 Bc3 59. Na7 Kg7 60. Nb5 Be1 61. Kh3 Bf2 62. Nd6 Kf6 63. Nc4 Ke6 64. Ne5 Kf6 65. Nd7+ Kg7 66. Ne5 Bd4 67. Nc4 Kf7 68. Kg3 Ke6 69. e3 Kd5 70. Nd2 Bxe3 71. Nf1 Bc1 72. Nh2 Kd4 73. Nf1 0-1

[Event "COL Intercollege op"]
[Site "Bogota"]
[Date "2024.11.21"]
[Round "1"]
[White "De La Ossa, Madera Ethan"]
[Black "Padilla Charry, Jorge Andres"]
[Result "0-1"]
[WhiteElo "1529"]
[BlackElo "1839"]
[PlyCount "72"]
[EventDate "2024.11.21"]
[EventType "swiss"]
[EventRounds "7"]
[EventCountry "COL"]
[SourceTitle "CB48_2024"]
[SourceDate "2024.11.28"]
[SourceVersion "1"]
[SourceVersionDate "2024.11.28"]
[SourceQuality "1"]

1. e4 c5 2. Nf3 d6 3. d4 cxd4 4. Nxd4 Nf6 5. Nc3 a6 6. Be3 e5 7. Nf3 Be7 8. h3 h6 9. Bc4 Qc7 10. Qd3 Nbd7 11. Nd2 0-0 12. Nb3 Nb6 13. Nd5 Nbxd5 14. Bxd5 Nxd5 15. exd5 f5 16. f4 Bh4+ 17. Kd2 Bd7 18. c4 Bf6 19. Qc2 a5 20. a4 Rac8 21. Rhc1 b6 22. g3 Rfe8 23. Ra2 Re7 24. Kd3 Rce8 25. Qf2 exf4 26. Bxf4 g5 27. Bd2 f4 28. Nd4 Re3+ 29. Bxe3 Rxe3+ 30. Kc2 Bxd4 31. Kb1 fxg3 32. Qc2 Bxh3 33. Qg6+ Qg7 34. Qxd6 Kh7 35. Qb8 g2 36. d6 Bf5+ 0-1